=LDR 00000nam 2200000 4500 =001 INLIS000000000005936 =005 20251030084935 =035 ##$$a 0010-1025000991 =007 ta =008 251030################g##########0#ind## =082 ##$$a 304.66 =084 ##$$a 304.66 BAD t =245 1#$$a Tekanan Penduduk Serta Motivasi Anak Agar Cinta Lingkungan /$c Badan Koordinasi Keluarga Berencana Nasional (BKKBN) Direktorat Peningkatan Kualitas Lingkungan Keluarga =260 ##$$a Jakarta :$b Badan Koordinasi Keluarga Berencana Nasional (BKKBN),$c 2002 =300 ##$$a 25 hlm. : $b ilus. =650 #4$$a BKKBN =110 2#$$a Badan Koordinasi Keluarga Berencana Nasional (BKKBN)